00353 a2200097 4500001001000000005001700010008004100027245009100068100002800159773006800187ART_4926820260410161809.0260409a 10aLa triste e increíble historia del así llamado Comité de Control en la ley 245221 aTruffat, Edgardo Daniel0 tDoctrina Societaria y Concursalg- N° 380 (jul. 2019)wREV4298